Car Models by Picture #15 - Statistics

General Stats
  • This quiz has been taken 111 times
  • The average score is 6 of 12
Answer Stats
Picture Hint Answer % Correct
Lamborghini Huracán
80%
Tesla Model 3
72%
Ford F-150
71%
Mazda 2
55%
SEAT León
54%
Peugeot 106
47%
Mercedes-Benz X-Class
47%
Nissan Altima
44%
Saab 900
32%
Fiat Coupé
29%
Chevrolet Express
24%
Iso Grifo
14%
No matching quizzes found
Score Distribution
Percent of People with Each Score
Percentile by Number Answered
Your Score History
You have not taken this quiz